Normal view
MARC view
- اللغة العربية - الادب العربي - نيجيريا - القرن 20
Entry Topical Term
001 - CONTROL NUMBER
- control field: 19663
003 - CONTROL NUMBER IDENTIFIER
- control field: JO-AjAnu
005 - DATE AND TIME OF LATEST TRANSACTION
- control field: 20230606073431.0
008 - FIXED-LENGTH DATA ELEMENTS
- fixed length control field: 230606|| aca||aabn | a|a d
040 ## - CATALOGING SOURCE
- Original cataloging agency: JO-AjAnu
- Transcribing agency: JO-AjAnu
150 ## - HEADING--TOPICAL TERM
- Topical term or geographic name entry element: اللغة العربية - الادب العربي - نيجيريا - القرن 20
670 ## - SOURCE DATA FOUND
- Source citation: Work cat.: (JO-AjAnu)10095: غلادنت، شيخو أحمد سعيد, author 19662, حركة اللغة العربية وآدابها في نيجيريا من سنة 1804 - 1966م